| 000 | 00461nam a22001817a 4500 | ||
|---|---|---|---|
| 003 | NUST - PNEC | ||
| 005 | 20170116181005.0 | ||
| 008 | 150912b xxu||||| |||| 00| 0 eng d | ||
| 020 | _a0024312010 | ||
| 040 | _cLIBRARY | ||
| 082 | _a621.382 YOU | ||
| 100 |
_99760 _aYoung, Paul H. |
||
| 245 |
_aElectronic communication techniques _cPaul H. Young |
||
| 250 | _a3rd ed. | ||
| 260 | _cc.1994 | ||
| 650 |
_99763 _aTelecommunication _xEE, EL |
||
| 942 |
_2ddc _cBK |
||
| 999 |
_c66855 _d66855 |
||